LEADER 01235nam a2200289 i 4500 001 000000113076 003 CaOOAMICUS 005 20030313000000.0 008 030313s2000 it u000 u ita u 013 $a85761 020 $a88-7078-663-3 040 $aSeMil$bita 100 1 $aOdifreddi, Piergiorgio,$d<1950- >.$0(OLS)http://semarc/name/47320 245 13$aIl computer di Dio :$bpensieri di un matematico impertinente /$cPiergiorgio Odifreddi. 260 $aMilano :$bRaffaello Cortina,$c2000. 300 $aXIV, 267 p. :$bill. ;$c23 cm. 490 0 $aScienza e idee ;$v72 500 $aCon dedica autografa dell'Autore al card. Martini. - Fondo Card. C.M. Martini. 650 4$aMatematica.$0(OLS)http://semarc/subject/1227 830 0$aScienza e idee ;$v72.$0(OLS)http://semarc/title/5942 850 $aSeMil 852 $aSeMil$W1$xVenegono$y1$m2NA F 72$j240944$B68791$CSeMilBibl$Z2$F75559 $81 941 1 $a4 961 $aOmaggio: Martini Card. Carlo Maria 996 $6020$a88-7078-663-3$9(OLS)http://semarc/number/95895 996 $6245$aIl computer di Dio :$bpensieri di un matematico impertinente$9(OLS)http://semarc/title/165015 996 $6260$aMilano :$bRaffaello Cortina$9(OLS)http://semarc/publisher/31196 LEADER 01635nam a2200313 i 4500 001 000000124907 003 CaOOAMICUS 005 20051129000000.0 008 051129s1955 it u000 u ita u 013 $a97605 020 $a88-420-4831-3 040 $aSeMil$bita 100 1 $aPlacucci, Alberto <1925->.$0(OLS)http://semarc/name/23343 245 10$aDal male oscuro alla malattia curabile :$bstoria dell'Istituto Nazionale per lo studio e la cura dei tumori di Milano /$cAlberto Placucci ; Introduzione di Giorgio Cosmacini. 260 $aBari :$bLaterza,$c1955. 300 $aXVI, 196 p. ;$c22 cm. 490 0 $aStoria della medicina e della sanità 500 $aContiene : Bibliografia. - In preliminari dedica autografa al Card. C.M. Martini. - Fondo Card. C.M. Martini. 650 4$aMilano - Istituto nazionale per lo studio e la cura dei tumori - Storia.$0(OLS)http://semarc/subject/24207 650 4$aOncologia - Italia - Ricerche - Storia.$0(OLS)http://semarc/subject/24208 700 1 $aCosmacini, Giorgio,$d<1931- >.$0(OLS)http://semarc/name/4348 830 0$aStoria della medicina e della sanità.$0(OLS)http://semarc/title/11486 850 $aSeMil 852 $aSeMil$W1$xVenegono$y1$m3O II 68$j79421$B79421$CSeMilBibl$Z2$F106598 $81 941 1 $a4 961 $aOmaggio: Martini Card. Carlo Maria 996 $6020$a88-420-4831-3$9(OLS)http://semarc/number/110744 996 $6245$aDal male oscuro alla malattia curabile :$bstoria dell'Istituto Nazionale per lo studio e la cura dei tumori di Milano$9(OLS)http://semarc/title/183883 996 $6260$aBari :$bLaterza$9(OLS)http://semarc/publisher/29858